| 000 | 00780nam a22002297a 4500 | ||
|---|---|---|---|
| 999 |
_c886 _d886 |
||
| 003 | AR-CdUCM | ||
| 008 | 190225b ||||| |||| 00| 0 spa d | ||
| 040 |
_aMUNICIPALIDAD PROVINCIAL DEL CUSCO _cBIBLIOTECA MUNICIPAL DEL CUSCO |
||
| 082 |
_a260 / _bC287 |
||
| 100 |
_aCarmona, Angel _93397 |
||
| 245 | _aEl Cristianismo / | ||
| 260 |
_aBarcelona : _bBruguera, _c1965. |
||
| 300 |
_a268 paginas ; _b32 Fotografias. _c21 cm. |
||
| 505 | _aLa edad antigua -- Mesianismo pagano -- Fracaso de Jesús -- Las primera herejías -- La iglesia naciente... | ||
| 650 |
_aAntiguo testamento _93398 |
||
| 650 |
_aSecreto divino _93399 |
||
| 650 |
_aPredicacion _93400 |
||
| 650 |
_aLos existencialistas _93401 |
||
| 650 |
_aPecados _93402 |
||
| 942 |
_2ddc _cLIBROS |
||
| 945 |
_awnts _d2019-02-25 |
||